01571njm a2200337Ia 450000100060000000300090000600500170001500800410003204000130007304000130008610000110009910000180011010000380012824500440016625000110021026000120022126000310023330000170026430000300028150000550031150501670036651100300053365000560056370000610061970001050068070000950078570000740088070000940095470000990104870000860114799509IT-RoPAU20220918181153.0131025s9999 xx 000 0 und d aIT-RoPAU cIT-RoPAU aAA.VV. eAutore musica gCodice autore musica SPICS: 12000 aWilliam Tell & Other Favorite Overtures a1a ed. aAUSTRIA bTELARCc1986 [1a Ed.:1986] aCOMPACT DISC c63 minuti (Testo: 0 pag.) aMusica classica. Arrangiamento di celebri sinfonie aLight Cavalry (7:00) - Fra Diavolo (8:00) - Zampa (9:00) - Poet and Peasant (11:00) - Donna Diana (7:00) - Orpheus In the Underworld (7:00) - William Tell (13:00) aCincinnati Pops Orchestra aSINFONIE [COMPACT DISC]eCodice MATERIA SPICS: 9949 aKunzel ErichgCodice interprete SPICS: 34123eInterprete aSuppé Franz VongCodice autore musica SPICS: 8215eAutore musicapLight Cavalry - Poet and Peasant aAuber Daniel Francois EspritgCodice autore musica SPICS: 7860eAutore musicapFra Diavolo aHerold LouisgCodice autore musica SPICS: 13809eAutore musicapZampa aReznicek Emil Nikolaus VongCodice autore musica SPICS: 13780eAutore musicapDonna Diana aOffenbach JacquesgCodice autore musica SPICS: 11045eAutore musicapOrpheus In the Underworld aRossini GioachinogCodice autore musica SPICS: 11125eAutore musicapWilliam Tell